000
00342nam a2200145Ia 4500
008
191206s9999 xx 000 0 und d
020
_a
0690008732 :
090
_a
PE1408B283
245
4
_a
The Practical Stylist
250
_a
4th ed.
260
_a
Crowell
260
_c
cc1977
300
_a
"x, 198 p. ; 23 cm."
999
_c
17129
_d
17129